01632nam a22003614a 4500001001200000003000800012006001900020007001500039008004100054010001700095016002000112020003100132020002800163040002100191035002100212050002200233082001400255100001900269245011800288260005800406300001500464504006600479505029300545533015200838650001600990650002201006650002701028655002901055700002601084710001701110856012601127999001701253ebr10233759CaPaEBRm u cr cn|||||||||071213s2008 enk sb 001 0 eng  z 20070511347 z1013926032DNLM z9780199539901 (alk. paper) z0199539901 (alk. paper) aCaPaEBRcCaPaEBR a(OCoLC)60789564514aR726b.W36 2008eb04a179.72221 aWarnock, Mary.10aEaseful deathh[electronic resource] :bis there a case for assisted dying? /cMary Warnock, Elisabeth Macdonald. aOxford ;aNew York :bOxford University Press,c2008. axv, 155 p. aIncludes bibliographical references (p. [141]-147) and index.0 aFundamental principles : the nature of the dispute -- Types of euthanasia -- Psychiatric assisted suicide -- Neonates -- Incompetent adults -- Human life is sacred -- The slippery slope -- Medical views -- Four methods of easing death and their effect on doctors -- Looking further ahead. aElectronic reproduction.bPalo Alto, Calif. :cebrary,d2013.nAvailable via World Wide Web.nAccess may be limited to ebrary affiliated libraries. 0aEuthanasia. 0aAssisted suicide. 0aDeathxSocial aspects. 7aElectronic books.2local1 aMacdonald, Elisabeth.2 aebrary, Inc.40uhttp://site.ebrary.com/lib/rucke/Doc?id=10233759zAn electronic book accessible through the World Wide Web; click to view c38173d38173